000 00439nam a22001337a 4500
020 _qHB.
040 _cFizza Ishaq
082 _a813.54
_bJEN
100 _aConant, Jennet.
_993698
245 _aTuxedo Park: A Wall Street Tycoon and the Secret Palace of Science That Changed the Course of World War II /
_cJennet Conant.
260 _aNew York :
_bSimon & Schuster,
_c2002.
300 _a330 p. ;
_c9.8 x 6.3 x 1.2 inches
942 _2ddc
_cBK
999 _c616528
_d616528